000 00733nam a2200253Ia 4500
003 IN-BaIIA
008 211028s9999 xx 000 0 eng d
020 _a978-0-387-98756-9
040 _cIIA Library
080 _a530.1
_bCAS
100 _aCassidy, David
_927432
245 0 _aUnderstanding physics
_cDavid. Cassidy
260 _aNew York
_bSpringer-Verlag
_c2002
300 _axxiii, 851p.
490 _aUndergraduate texts in contemporary physics
650 _aEinstein
_919993
650 _aMotion matters
_927433
650 _aRelativity theory
_99895
650 _aUnderstanding motion
_927434
650 _aWave motion
_919727
700 _aHolton, Gerald
_93081
700 _aRutherford, James
_927435
942 _cBK
999 _c15065
_d15065